| 000 | 00494nam a2200157Ia 4500 | ||
|---|---|---|---|
| 008 | 100122s9999 xx 000 0 und d | ||
| 082 |
_b41418 _a823.08 |
||
| 100 | _aक्षेत्रमाडे सुमती | ||
| 245 | _aसिंधुदुर्ग | ||
| 250 | _a2 | ||
| 260 |
_bबांदोडकर पब्लिशिंग हाऊस _c1988 |
||
| 300 | _a172 | ||
| 630 | _aसिंधुदुर्ग | ||
| 730 | _aसिंधुदुर्ग | ||
| 942 | _cBOOK | ||
| 999 |
_c422071 _d422068 |
||